Sudden Death: Misspellings - Statistics

General Stats
  • This quiz has been taken 3,932 times
  • The average score is 6 of 16
Answers on the Grid
Answers color-coded by a green-red scale on the quiz's grid according to % correct below.
accomodate
argument
brocolli
Carribean
cemetary
census
committee
concensus
consciencious
copyright
definitely
embarrass
extasy
florescent
harrassment
independent
insence
liaison
parallel
persistant
Philippines
plagiarism
privilege
pronounciation
religeous
tendency
tomorrow
truely
vaccum
wherever
wierd
zucchini
 
Answer Stats
Answer % Correct
broccoli brocolli
62%
ecstasy extasy
53%
religious religeous
50%
Caribbean Carribean
48%
weird wierd
47%
cemetery cemetary
45%
incense insence
43%
accommodate accomodate
41%
vacuum vaccum
41%
truly truely
40%
fluorescent florescent
38%
conscientious consciencious
33%
consensus concensus
32%
persistent persistant
27%
pronunciation pronounciation
27%
harassment harrassment
15%
No matching quizzes found
Score Distribution
Percent of People with Each Score
Percentile by Number Answered
Your Score History
You have not taken this quiz